| 000 | 03049cas a2200661 a 4500 | ||
|---|---|---|---|
| 999 |
_c200448318 _d66530 |
||
| 001 | 200448318) | ||
| 003 | TR-AnTOB | ||
| 005 | 20220329173759.0 | ||
| 007 | ta | ||
| 008 | 910606d1986199utu ar r i0 0eng d | ||
| 010 |
_a 89968842 _zsn 91037113 |
||
| 022 |
_a0257-9502 _l0257-9502 |
||
| 035 | _a(OCoLC)ocm23892994 | ||
| 040 |
_aPIT _beng _cPIT _dDLC _dOCLCQ _dBEDGE _dOCLCO _dOCLCQ _dOCLCF _dOCL _dOCLCO _erda _eTR-AnTOB |
||
| 041 | 0 |
_aeng _aara |
|
| 050 | 0 | 0 |
_aHD77.5.I74 _bT7 |
| 066 | _c(3 | ||
| 090 |
_aTOBBK HD77.5.I74 _bT7 |
||
| 245 | 0 | 0 |
_aTraining opportunities in OIC member countries / _cStatistical, Economic, and Social Research and Training Centre for Islamic Countries, Organisation of the Islamic Conference. |
| 246 | 3 | 0 | _aTraining opportunities in Organisation of Islamic Conference member countries |
| 246 | 1 | 5 |
_aFuraṣ al-tadrīb fī al-buldān al-aʻḍāʼ fī Munaẓẓamat al-Muʼtamar al-Islāmī _f<1989-1992> |
| 264 | 1 |
_aAnkara, Turkey : _bSESRTCIC, _c1986- |
|
| 300 |
_avolumes ; _c20 x 28 cm |
||
| 310 | _aAnnual | ||
| 336 |
_atext _btxt _2rdacontent |
||
| 337 |
_aunmediated _bn _2rdamedia |
||
| 338 |
_avolume _bnc _2rdacarrier |
||
| 362 | 0 | _a1986- | |
| 546 | _aChiefly in English; some text in Arabic. | ||
| 588 | _aLatest issue consulted: 1992. | ||
| 590 | _aSERBIB/SERLOC merged record | ||
| 650 | 0 |
_aEconomic development _xStudy and teaching _zIslamic countries _vDirectories. _91528 |
|
| 650 | 0 |
_aBusiness education _xCurricula _zIslamic countries _vDirectories. _932183 |
|
| 650 | 0 |
_aTechnical education _xCurricula _zIslamic countries _vDirectories. _927582 |
|
| 650 | 0 |
_aProfessional employees _xTraining of _zIslamic countries _vDirectories. |
|
| 650 | 0 |
_aSeminars _vDirectories. |
|
| 650 | 7 |
_aAnnuaires. _2eclas |
|
| 650 | 7 |
_aProgrammes de formation. _2eclas |
|
| 650 | 7 |
_aPublications périodiques. _2eclas |
|
| 650 | 7 |
_aRépertoires. _2eclas |
|
| 650 | 7 |
_aSources d'information. _2eclas |
|
| 650 | 7 |
_aBusiness education _xCurricula. _2fast _0(OCoLC)fst00842486 |
|
| 650 | 7 |
_aEconomic development _xStudy and teaching. _2fast _0(OCoLC)fst00901877 |
|
| 650 | 7 |
_aProfessional employees _xTraining of. _2fast _0(OCoLC)fst01078517 |
|
| 650 | 7 |
_aSeminars. _2fast _0(OCoLC)fst01112294 |
|
| 650 | 7 |
_aTechnical education _xCurricula. _2fast _0(OCoLC)fst01144845 |
|
| 651 | 7 |
_aIslamic countries. _2fast _0(OCoLC)fst01244130 |
|
| 655 | 7 |
_aDirectories. _2fast _0(OCoLC)fst01423796 |
|
| 710 | 2 |
_aOrganisation of Islamic Conference _6880-01 _994023 |
|
| 710 | 2 |
_6880-02 _aStatistical, Economic, and Social Research and Training Centre for Islamic Countries _9130289 |
|
| 785 | 0 | 0 |
_tTraining opportunities in OIC countries _w(DLC) 2002204077 _w(OCoLC)49828091 |
| 880 | 2 |
_6710-01/(3/r _aمنظمة المؤتمر الاسلامي. |
|
| 880 | 2 |
_6710-02/(3/r _aمركز الابحاث الاحصائية والاقتصادية والاجتماعية والتدريب للدول الاسلامية. |
|
| 942 |
_2z _cBK |
||